Lion on the loose / (Record no. 22114)

MARC details
000 -LEADER
fixed length control field 01607nam a22002777a 4500
008 - FIXED-LENGTH DATA ELEMENTS--GENERAL INFORMATION
fixed length control field 090122t xxu||||| |||| 00| 0 eng d
010 ## - LCCN (DPL NO)
LC control number B-349325-329
020 ## - INTERNATIONAL STANDARD BOOK NUMBER
International Standard Book Number 818263668X
Terms of availability 25.00
020 ## - INTERNATIONAL STANDARD BOOK NUMBER
International Standard Book Number 9788182636682
Terms of availability 25.00
035 ## - SYSTEM CONTROL NUMBER
System control number B-349325-329
037 ## - SOURCE OF ACQUISITION
Source of stock number/acquisition Pratham Books
040 ## - CATALOGING SOURCE
Original cataloging agency dpl
Language of cataloging English
082 ## - DEWEY DECIMAL CLASSIFICATION NUMBER
Classification number S
100 ## - MAIN ENTRY--PERSONAL NAME
Personal name Anand, Paro
245 ## - TITLE STATEMENT
Title Lion on the loose /
Statement of responsibility, etc by Paro Anand; illustrated by Avishek Sen
260 ## - PUBLICATION, DISTRIBUTION, ETC. (IMPRINT)
Place of publication, distribution, etc Bangalore
Name of publisher, distributor, etc Pratham Books
Date of publication, distribution, etc 2006
300 ## - PHYSICAL DESCRIPTION
Extent 20p.:
Other physical details col. ill.
Dimensions 23cm. (pbk)
700 ## - ADDED ENTRY--PERSONAL NAME
Personal name Sen, Avishek
942 ## - ADDED ENTRY ELEMENTS (KOHA)
Source of classification or shelving scheme Dewey Decimal Classification
Item type Children Books
Call number suffix ANA
Classification part S
Holdings
Withdrawn status Lost status Source of classification or shelving scheme Damaged status Not for loan Collection code Home library Current library Date acquired Source of acquisition Cost, normal purchase price Total Checkouts Full call number Barcode Date last seen Copy number Cost, replacement price Koha item type
  Written-off vide DLB M. No. 383 dt 16.05.19 Dewey Decimal Classification     Fiction Central Library Central Library 20/08/2009 Pratham Books/CST/082/6.7.09/9/23.4.09/27.7.09 25.00   S ANA B-349325 20/08/2009 1 25.00 Children Books
    Dewey Decimal Classification     Fiction Karol Bagh Karol Bagh 20/08/2009 Pratham Books/CST/082/6.7.09/9/23.4.09/27.7.09 25.00   S ANA B-349328 20/08/2009 1 25.00 Children Books
    Dewey Decimal Classification     Fiction Patel Nagar Patel Nagar 20/08/2009 Pratham Books/CST/082/6.7.09/9/23.4.09/27.7.09 25.00   S ANA B-349326 20/08/2009 1 25.00 Children Books
    Dewey Decimal Classification     Fiction Sarojini Nagar Sarojini Nagar 20/08/2009 Pratham Books/CST/082/6.7.09/9/23.4.09/27.7.09 25.00   S ANA B-349327 20/08/2009 1 25.00 Children Books
  Written-off vide DLB M. No. 383 dt 16.05.19 Dewey Decimal Classification     Fiction Shahdara Branch Shahdara Branch 20/08/2009 Pratham Books/CST/082/6.7.09/9/23.4.09/27.7.09 25.00   S ANA B-349329 20/08/2009 1 25.00 Children Books

© Delhi Public Library
Hit Counter
free hit counter